|
|
|
|
| LEADER |
00000nam0a2200000 4500 |
| 001 |
211031 |
| 005 |
20231031192232.0 |
| 035 |
|
|
|a (RuTPU)RU\TPU\book\230493
|
| 090 |
|
|
|a 211031
|
| 100 |
|
|
|a 20120306d1977 km y0rusy50 ca
|
| 101 |
0 |
|
|a rus
|
| 102 |
|
|
|a RU
|
| 105 |
|
|
|a a z 001zy
|
| 200 |
1 |
|
|a Переработка руд редких металлов
|f О. К. Комаров [и др.]
|
| 210 |
|
|
|a Москва
|c Недра
|d 1977
|
| 215 |
|
|
|a 120 с.
|c ил.
|
| 320 |
|
|
|a Библиогр.: с. 114-119.
|
| 610 |
1 |
|
|a редкие металлы
|
| 610 |
1 |
|
|a руда
|
| 610 |
1 |
|
|a переработка
|
| 610 |
1 |
|
|a обогащение
|
| 610 |
1 |
|
|a схемы
|
| 610 |
1 |
|
|a титановые концентраты
|
| 610 |
1 |
|
|a рутил
|
| 610 |
1 |
|
|a получение
|
| 610 |
1 |
|
|a кварц-лейкоксеновые концентраты
|
| 675 |
|
|
|a 622.349.35:622.7
|v 3
|
| 701 |
|
1 |
|a Комаров
|b О. К.
|g Олимпий Константинович
|
| 701 |
|
1 |
|a Чистов
|b Л. Б.
|g Леонид Борисов
|
| 701 |
|
1 |
|a Доронин
|b Н. А.
|g Николай Андреевич
|
| 701 |
|
1 |
|a Сафронов
|b Е. К.
|g Евгений Кузьмич
|
| 801 |
|
1 |
|a RU
|b 63413507
|c 20120306
|
| 801 |
|
2 |
|a RU
|b 63413507
|c 20121210
|g RCR
|
| 942 |
|
|
|c BK
|